00606nam a22001697a 4500003000900000008004100009040007100050082002800121100001900149245006900168260003500237300006000272650002400332650002000356650003400376650002600410AR-CdUCM190325b ||||| |||| 00| 0 spa d aMUNICIPALIDAD PROVINCIAL DEL CUSCOcBIBLIOTECA MUNICIPAL DEL CUSCO aPI / 376.1 /bN5422ed. aNicora, Eloisa aLas actividades manuales :bEn el niño normal y el irregular / aBuenos Aires :bNicora,c1968. a228 paginas ;bIlustraciones, graficos, dibujosc28 cm. aPsicología social aGrupos sociales aCultura y psicología social aActividades manuales